LDR 00754naa#a2200181#i#450# 001 EN\INFRA-M\bibl\125835 005 20260703022118.5 011 ## _a2306-627X 100 ## _a20260615b2026####ek#y0engy0150####ca 102 ## _aRU 200 1# _aManaging the Development of Renewable Energy Sources: Global Trends and Russian Realities _eJournal article 210 1# _aMoscow _cINFRA-M Academic Publishing LLC. _d2026 215 ## _a5 с. 608 ## _aJournal article _2local 675 ## _aПроизводственные мощности. Использование производственных мощностей. Эксплуатация производственных мощностей. 338.32 _z 700 #1 _aGarnova _gV. Yu. 700 #1 _aKarev _gA. V. 856 4# _azh-szf.ru _u